000 00690nam a2200217Ia 4500
003 GCL
008 140319s9999 xx 000 0 ara d
040 _aGCL /
_cGCL
082 0 4 _a320.9
_bس ع
100 1 _aسامى عصاصة
245 1 0 _aعربدة سياسية مقالات فى الاقتصاد والسياسة /
_cسامى عصاصة
260 _a[S.N] :
_bالمكتبة الاكاديمية ،
_c1988
300 _a226 ص
490 _a
650 0 4 _aالعالم الثالث
650 0 4 _aالمقالات
650 0 4 _aالسياسة
650 0 4 _aالسياسة الاقتصادية
650 0 4 _aالحرب العراقية الايرانية
942 _2ddc
_cBK
999 _c43535
_d43535